000
00296nam a22001337a 4500
008
170801b xxu||||| |||| 00| 0 eng d
020
_a
9781568842226
041
_a
eng
080
_a
004
100
_a
32
101
_a
SHKA
245
_a
THE INTERNET FOR DUMMIES
_c
LEVINE,J.R
942
_2
udc
_c
BK
999
_c
22387
_d
22387